Tilak in our time: (Record no. 143553)

MARC details
000 -LEADER
fixed length control field 00559nam a22001697a 4500
005 - DATE AND TIME OF LATEST TRANSACTION
control field 20170818141917.0
010 ## - LCCN (DPL NO)
LC control number ENG-119950
020 ## - INTERNATIONAL STANDARD BOOK NUMBER
International Standard Book Number 9789385735318
Terms of availability 600.00
035 ## - SYSTEM CONTROL NUMBER
System control number EN-103482
037 ## - SOURCE OF ACQUISITION
Source of stock number/acquisition DBAD/PUB
082 ## - DEWEY DECIMAL CLASSIFICATION NUMBER
Classification number 954.084
245 ## - TITLE STATEMENT
Title Tilak in our time:
Statement of responsibility, etc edited by Rsaghnath A. Mashelkar [and] Dileep Padgaonkar
Remainder of title centennial of a clarian call /
260 ## - PUBLICATION, DISTRIBUTION, ETC. (IMPRINT)
Place of publication, distribution, etc Pune
Name of publisher, distributor, etc Lokmanya Tilak Vichar Manch
Date of publication, distribution, etc 2016
270 ## - ADDRESS
Address 568,Narayan Peth,Tilak Wada
City Pune
Postal code 411030
300 ## - PHYSICAL DESCRIPTION
Extent 232p.
Dimensions 24cm(pbk)
942 ## - ADDED ENTRY ELEMENTS (KOHA)
Source of classification or shelving scheme Dewey Decimal Classification
Item type English Books
Call number suffix TIL
Classification part 954.084
Holdings
Withdrawn status Lost status Not for loan Collection code Home library Current library Date acquired Source of acquisition Cost, normal purchase price Full call number Barcode Copy number Cost, replacement price Koha item type
      Non-fiction Central Jail Tihar Central Jail Tihar 18/08/2017 DBAD/PUB 600.00 954.084 TIL EN-103482 1 600.00 English Books

© Delhi Public Library
Hit Counter
free hit counter